000 00894nam a2200241 i 4500
003 DO-SdBNP
005 20240304141902.0
007 ta
008 230503e1958 cu a|||br|||| 00||m spa d
040 _aDO-SdBNP
_bspa
_cBNPHU
_erda
082 4 _bA448L
_222
245 1 0 _aLengua española :
_bLibro-cuaderno de lenguaje, tercer grado /
_cAlmendros, Alvero; ilustraciones, María Pilar Pérez-Dols
250 _a9a. ed.
264 _aLa Habana, Cuba :
_bCutural, S. A.,
_c1958.
300 _a148 páginas :
_bilustraciones ;
_c26 cm.
336 _atexto
_btxt
_2rdaconten
337 _asin medición
_bn
_2rdamedia
338 _avolumen
_bnc
_2rdacarrier
500 _aDe acuerdo con las nuevas normas de prosodia ortografía aprobadas por la Real Academia De La Lengua
590 _aInventariado 2023 / MF
700 1 _aPérez-Dolz, María Pilar,
_eilustraciones
_984967
942 _2ddc
_cLBS1
999 _c53411
_d53411